000 00562nam a22002297a 4500
003 UA-OsUOA
001 49615
007 ta
008 20071010b un ||||| |||| 00| 0 ukr d
100 _aОленівська Л.
090 _a82-01
_bО-53
942 _cBK
040 _aUA-OsUOA
_bukr
_cUA-OsUOA
_dUA-OsUOA
245 _aЗнак сіверянки
300 _a62 с.
955 _a3
041 _aukr
080 _a82-01
260 _aК.
_c1997
650 7 _a82 Література. Літературознавство
_2UDC
999 _c335724
_d335724